000 00301nam a22001337a 4500
008 181226b xxu||||| |||| 00| 0 eng d
020 _a9781559345514
041 _aeng
080 _a316
100 _a50
101 _aSOC
245 _aMapping the Social Landscape
_cFerguson, S.J
942 _2udc
_cBK
999 _c53776
_d53776